|
|
|
|
| LEADER |
00000naa2a2200000 4500 |
| 001 |
619137 |
| 005 |
20231227114621.0 |
| 035 |
|
|
|a (RuTPU)RU\TPU\conf\17541
|
| 035 |
|
|
|a RU\TPU\conf\17537
|
| 090 |
|
|
|a 619137
|
| 100 |
|
|
|a 20160810d2016 k y0rusy50 ca
|
| 101 |
0 |
|
|a rus
|
| 102 |
|
|
|a RU
|
| 105 |
|
|
|a y z 101zy
|
| 135 |
|
|
|a drgn ---uucaa
|
| 181 |
|
0 |
|a i
|
| 182 |
|
0 |
|a b
|
| 200 |
1 |
|
|a Оценка константного обеспечения баз нейтронных данных и их влияния на критические параметры размножающих решеток с торием
|f О. А. Украинец [и др.]
|
| 203 |
|
|
|a Текст
|c электронный
|
| 225 |
1 |
|
|a Физико-энергетические и электрофизические установки
|
| 300 |
|
|
|a Заглавие с экрана
|
| 320 |
|
|
|a [Библиогр.: с. 42 (2 назв.)]
|
| 463 |
|
0 |
|0 (RuTPU)RU\TPU\conf\17455
|t Физико-технические проблемы в науке, промышленности и медицине
|o сборник тезисов докладов VIII Международной научно-практической конференции, г. Томск, 1-3 июня 2016 г.
|f Национальный исследовательский Томский политехнический университет (ТПУ) ; под ред. О. Ю. Долматова [и др.]
|v [С. 42]
|d 2016
|
| 610 |
1 |
|
|a труды учёных ТПУ
|
| 610 |
1 |
|
|a электронный ресурс
|
| 610 |
1 |
|
|a ядерные данные
|
| 610 |
1 |
|
|a нейтронные данные
|
| 610 |
1 |
|
|a критические параметры
|
| 610 |
1 |
|
|a решетки
|
| 610 |
1 |
|
|a торий
|
| 610 |
1 |
|
|a керамическое топливо
|
| 610 |
1 |
|
|a керамическое ядерное топливо
|
| 701 |
|
1 |
|a Украинец
|b О. А.
|
| 701 |
|
1 |
|a Иванова
|b А. А.
|c физик
|c инженер-исследователь Томского политехнического университета
|f 1986-
|g Анна Александровна
|3 (RuTPU)RU\TPU\pers\28588
|
| 701 |
|
1 |
|a Беденко
|b С. В.
|c физик
|c доцент Томского политехнического университета, кандидант физико-математических наук
|f 1980-
|g Сергей Владимирович
|3 (RuTPU)RU\TPU\pers\25456
|9 11395
|
| 701 |
|
1 |
|a Карпенко
|b А. И.
|
| 712 |
0 |
2 |
|a Национальный исследовательский Томский политехнический университет (ТПУ)
|b Физико-технический институт (ФТИ)
|b Кафедра физико-энергетических установок (№ 21) (ФЭУ)
|3 (RuTPU)RU\TPU\col\18730
|
| 801 |
|
2 |
|a RU
|b 63413507
|c 20160826
|g RCR
|
| 856 |
4 |
|
|u http://earchive.tpu.ru/handle/11683/31171
|
| 942 |
|
|
|c BK
|